Thermodynamics in geochemistry : (Record no. 11496)

MARC details
000 -LEADER
fixed length control field 01272cam a2200313 i 4500
001 - CONTROL NUMBER
control field 2486727
003 - CONTROL NUMBER IDENTIFIER
control field EG-ScBUE
005 - DATE AND TIME OF LATEST TRANSACTION
control field 20260121104304.0
008 - FIXED-LENGTH DATA ELEMENTS--GENERAL INFORMATION
fixed length control field 910514s1993 nyua b 001 0 eng
020 ## - INTERNATIONAL STANDARD BOOK NUMBER
International Standard Book Number 019506464X
040 ## - CATALOGING SOURCE
Original cataloging agency DLC
Language of cataloging eng
Description conventions rda
Transcribing agency DLC
Modifying agency DLC
-- EG-ScBUE
082 04 - DEWEY DECIMAL CLASSIFICATION NUMBER
Classification number 551.9
Edition number 22
Item number AND
100 1# - MAIN ENTRY--PERSONAL NAME
Personal name Anderson, G. M.
Fuller form of name (Gregor Munro),
Dates associated with a name 1932-
Relator term author.
9 (RLIN) 4581
245 10 - TITLE STATEMENT
Title Thermodynamics in geochemistry :
Remainder of title the equilibrium model /
Statement of responsibility, etc Greg M. Anderson, David A. Crerar.
264 #1 - PUBLICATION, DISTRIBUTION, ETC. (IMPRINT)
Place of publication, distribution, etc New York :
Name of publisher, distributor, etc Oxford University Press,
Date of publication, distribution, etc 1993.
300 ## - PHYSICAL DESCRIPTION
Extent xx, 588 pages :
Other physical details illustrations ;
Dimensions 25 cm
336 ## - CONTENT TYPE
Source rdacontent
Content type term text
Content type code txt
337 ## - MEDIA TYPE
Media type term unmediated
Source rdamedia
Media type code n
338 ## - CARRIER TYPE
Carrier type term volume
Carrier type code nc
Source rdacarrier
504 ## - BIBLIOGRAPHY, ETC. NOTE
Bibliography, etc Includes bibliographical references and index.
650 #7 - SUBJECT ADDED ENTRY--TOPICAL TERM
Topical term or geographic name as entry element Geochemistry.
Source of heading or term BUEsh
9 (RLIN) 4582
650 #7 - SUBJECT ADDED ENTRY--TOPICAL TERM
Topical term or geographic name as entry element Thermodynamics.
Source of heading or term BUEsh
9 (RLIN) 4583
655 ## - INDEX TERM--GENRE/FORM
Form subdivision Reading book
700 1# - ADDED ENTRY--PERSONAL NAME
Personal name Crerar, David A.,
Relator term author.
9 (RLIN) 4584
856 42 - ELECTRONIC LOCATION AND ACCESS
Materials specified Publisher description
Uniform Resource Identifier <a href="http://www.loc.gov/catdir/enhancements/fy0603/91018041-d.html">http://www.loc.gov/catdir/enhancements/fy0603/91018041-d.html</a>
856 41 - ELECTRONIC LOCATION AND ACCESS
Materials specified Table of contents only
Uniform Resource Identifier <a href="http://www.loc.gov/catdir/enhancements/fy0603/91018041-t.html">http://www.loc.gov/catdir/enhancements/fy0603/91018041-t.html</a>
942 ## - ADDED ENTRY ELEMENTS (KOHA)
Source of classification or shelving scheme Dewey Decimal Classification
Koha item type Book - Borrowing
Holdings
Withdrawn status Lost status Source of classification or shelving scheme Damaged status Not for loan Collection code Home library Current library Shelving location Date acquired Source of acquisition Cost, normal purchase price Serial Enumeration / chronology Total Checkouts Full call number Barcode Date last seen Price effective from Koha item type
    Dewey Decimal Classification     Alahram Central Library Central Library First floor 05/05/2009   429.00 72   551.9 AND 000016102 15/07/2025 05/05/2009 Book - Borrowing